Countries in My Atlas with Map - Statistics

General Stats
  • This quiz has been taken 19 times
  • The average score is 76 of 104
Answers on the Map
Answers color-coded by a green-red scale on the quiz's map according to % correct below.
 
Answer Stats
Capital Answer % Correct
Ottawa Canada
92%
Washington, DC United States of America
92%
Buenos Aires Argentina
85%
Brasília Brazil
85%
Havana Cuba
85%
Paris France
85%
Dublin Ireland
85%
P____a City Panama
85%
Lima/Cusco Peru
85%
Cape Town/Pretoria/Bloemfontein South Africa
85%
London United Kingdom
85%
Lusaka Zambia
85%
Kabul Afghanistan
77%
Algiers Algeria
77%
Canberra Australia
77%
Brussels Belgium
77%
Santiago/Valparaíso Chile
77%
Beijing China
77%
Bogotá Colombia
77%
San José Costa Rica
77%
Zagreb Croatia
77%
Prague Czech Republic
77%
Copenhagen Denmark
77%
Santo Domingo Dominican Republic
77%
Cairo Egypt
77%
Helsinki Finland
77%
Berlin Germany
77%
Athens Greece
77%
G_______a City Guatemala
77%
Port-au-Prince Haiti
77%
New Delhi India
77%
Jakarta Indonesia
77%
Tehran Iran
77%
Baghdad Iraq
77%
Jerusalem Israel
77%
Rome Italy
77%
Kingston Jamaica
77%
Tokyo Japan
77%
Nairobi Kenya
77%
M____o City Mexico
77%
Ulaanbaatar Mongolia
77%
Wellington New Zealand
77%
Pyongyang North Korea
77%
Oslo Norway
77%
Islamabad Pakistan
77%
Warsaw Poland
77%
Lisbon Portugal
77%
Moscow Russia
77%
Riyadh Saudi Arabia
77%
Seoul South Korea
77%
Madrid Spain
77%
Stockholm Sweden
77%
Bangkok Thailand
77%
Ankara Türkiye
77%
Kyiv (Kiev) Ukraine
77%
V_____n City Vatican City
77%
Caracas Venezuela
77%
Hanoi Vietnam
77%
Harare Zimbabwe
77%
Vienna Austria
69%
Nassau Bahamas
69%
Dhaka Bangladesh
69%
Phnom Penh Cambodia
69%
Yamoussoukro/Abidjan Côte d'Ivoire
69%
Kinshasa Democratic Republic of the Congo
69%
San Salvador El Salvador
69%
Tallinn Estonia
69%
Addis Ababa Ethiopia
69%
Tegucigalpa/Comayagüela Honduras
69%
Budapest Hungary
69%
Reykjavík Iceland
69%
Amman Jordan
69%
Astana Kazakhstan
69%
Riga Latvia
69%
Beirut Lebanon
69%
Vilnius Lithuania
69%
Kuala Lumpur/Putrajaya Malaysia
69%
Rabat Morocco
69%
Kathmandu Nepal
69%
Amsterdam/The Hague Netherlands
69%
Manila Philippines
69%
Bucharest Romania
69%
Colombo/Sri Jayawardenepura Kotte Sri Lanka
69%
Bern Switzerland
69%
Taipei Taiwan
69%
Tunis Tunisia
69%
Sofia Bulgaria
62%
Vientiane Laos
62%
Tripoli Libya
62%
Antananarivo Madagascar
62%
M___o Monaco
62%
Naypyidaw (Nay Pyi Taw) Myanmar
62%
Managua Nicaragua
62%
Abuja Nigeria
62%
City of S__ M____o San Marino
62%
Bratislava Slovakia
62%
Ljubljana Slovenia
62%
Damascus Syria
62%
Accra Ghana
54%
S_______e Singapore
54%
Dili Timor-Leste
54%
Port-of-Spain Trinidad and Tobago
54%
Bandar Seri Begawan Brunei
46%
Vaduz Liechtenstein
46%
No matching quizzes found
Score Distribution
Percent of People with Each Score
Percentile by Number Answered
Your Score History
You have not taken this quiz